Word Ladders: IMDb Top 250 Quiz Stats

 Plays Quiz Updated Oct 15, 2014

Also try: IMDb by Year
Challenge
Share
Tweet
Embed
Score 0/30 Timer 04:00
0 Plays Today
Rung % Correct
☼ SIN ☼
96.9%
NOT
95.5%
WISH
94.9%
BUN
94.6%
DOT
94%
DOE
93.1%
FIT
92.2%
☐ HARD ☐
91.9%
FIG
91.6%
DIG
91.5%
FART
91.2%
BUG
91.2%
★ BIG ★
90.9%
BIT
90.6%
FAST
89.9%
Rung % Correct
★ FISH ★
89.6%
FIST
89.3%
☼ CITY ☼
88.9%
☐ DIE ☐
88.7%
● NET ●
87.3%
WITH
86.5%
HART
86.1%
PITY
84.4%
PIN
83.1%
PUN
78.5%
PITH
78.3%
WARN
73.1%
WORN
72.3%
WARD
72.1%
● WORK ●
51.6%

Today's Daily Dose

You're not logged in!

Compare scores with friends on all Sporcle quizzes.
OR
Log In

You Might Also Like...

Show Comments

Extras

Top Quizzes Today


Score Distribution

Your Account Isn't Verified!

In order to create a playlist on Sporcle, you need to verify the email address you used during registration. Go to your Sporcle Settings to finish the process.

Report this User

Report this user for behavior that violates our Community Guidelines.

Details: